Statistics for world capitals

Click here to take the quiz!

General Stats

  • This quiz has been taken 25 times
  • The average score is 91 of 110

Answer Stats

HintAnswer% Correct
CanberraAustralia
100%
ViennaAustria
100%
BrussellsBelgium
100%
BejingChina
100%
PragueCzech republic
100%
CopenhagenDenmark
100%
HelsinkiFinland
100%
ParisFrance
100%
BerlinGermany
100%
AthensGreece
100%
BudapestHungary
100%
New DehliIndia
100%
Dublin/ BelfastIreland
100%
RomeItaly
100%
tokyoJapan
100%
Kuala LumpurMalaysia
100%
PyongyangNorth Korea
100%
OsloNorway
100%
LimaPeru
100%
WarsawPoland
100%
LisbonPortugal
100%
BucharestRomania
100%
MoscowRussia
100%
SeoulSouth Korea
100%
MadridSpain
100%
StockholmSweden
100%
BrasiliaBrazil
95%
SofiaBulgaria
95%
OttawaCanada
95%
BogotaColombia
95%
CairoEgypt
95%
LondonEngland
95%
Guatemala CityGuatemala
95%
ReykjavikIceland
95%
TehranIran
95%
VilniusLithuania
95%
VallettaMalta
95%
WellingtonNew Zealand
95%
EdinburghScotland
95%
BratislavaSlovakia
95%
TaipeiTaiwan
95%
BangkokThailand
95%
KyivUkraine
95%
HanoiVietnam
95%
HavanaCuba
90%
TallinnEstonia
90%
JakartaIndonesia
90%
RigaLatvia
90%
UlaanbaatarMongolia
90%
AmsterdamNetherlands
90%
San MarinoSan Marino
90%
BernSwitzerland
90%
Damascussyria
90%
MontevideoUruguay
90%
CaracasVenezuela
90%
KabulAfghanistan
86%
Buenos AiresArgentina
86%
MinskBelarus
86%
NicosiaCyprus
86%
QuitoEcuador
86%
San salvadorEl Salvador
86%
ConakryGuinea
86%
NairobiKenya
86%
KhartoumSudan
86%
Washington D.CUnited States of America
86%
AlgiersAlgeria
81%
Andorra La VellaAndorra
81%
DhakaBangladesh
81%
ZagrebCroatia
81%
BissauGuinea Bissau
81%
SkopjeMacedonia
81%
ChisinauMoldova
81%
Monte CarloMonaco
81%
PodgoricaMontenegro
81%
WindhoekNamibia
81%
NiameyNiger
81%
LjubljanaSlovenia
81%
AntananarivoMadagascar
76%
LilongweMalawi
76%
KathmanduNepal
76%
AsuncionParaguay
76%
JubaSouth Sudan
76%
San JoseCosta Rica
71%
AccraGhana
71%
BamakoMali
71%
AbujaNigeria
71%
MuscatOman
71%
MogadishuSomalia
71%
Phnom PenhCambodia
67%
Suvafiji
67%
PristinaKosovo
67%
ManamaBahrain
62%
BelmopanBelize
62%
Porto NovoBenin
62%
YaoundeCameroon
62%
ManaguaNicaragua
62%
FreetownSierra Leone
62%
ThimphuBhutan
57%
OuagadougouBurkina Faso
57%
AsmaraEritrea
57%
AstanaKazakhstan
57%
BanjulGambia
52%
MaleMaldives
52%
Port MoresbyPapua New Guinea
52%
NaypyidawBurma
48%
MaputoMozambique
48%
MoroniComoros
38%
Malabo/ OyalaEquatorial Guinea
38%
SarajevoBosnia & Herzegovina
24%
YamoussoukroCote D'ivore
14%

Score Distribution

Percentile by Number Answered

Percent of People with Each Score

Your Score History

You have not taken this quiz